| 000 | 00875cam a2200265 i 4500 | ||
|---|---|---|---|
| 999 |
_c130251 _d130251 |
||
| 001 | 3639105 | ||
| 003 | ARRUPE | ||
| 005 | 20200131115925.0 | ||
| 008 | 750625s1975 enkabj 001 0ceng | ||
| 010 | _a 75315670 | ||
| 015 | _aGB*** | ||
| 020 |
_a0297769111 : _c£5.00 |
||
| 040 |
_aDLC _cDLC _dDLC |
||
| 043 | _ae-uk--- | ||
| 050 | 0 | 0 |
_aDA28.1 _b.L58 1975 |
| 082 | 0 | 0 | _a929.7/2 |
| 245 | 0 | 4 |
_aThe lives of the kings and queens of England / _cedited by Antonia Fraser ; heraldic consultant, J. P. Brooke-Little. |
| 260 |
_aLondon : _bWeidenfeld & Nicolson, _c[1975] |
||
| 300 |
_a360 p. : _bill. (some col.), geneal. tables, map ; _c26 cm. |
||
| 500 | _aIncludes index. | ||
| 651 | 0 |
_aGreat Britain _xKings and rulers _xBiography. _96218 |
|
| 700 | 1 |
_aFraser, Antonia, _d1932- _949247 |
|
| 906 |
_a7 _bcbc _corignew _d3 _encip _f19 _gy-gencatlg |
||
| 942 |
_2lcc _cMONOGRAPH |
||